000 00726nas a2200241 4500
001 BR0707225
003 BR-BrBNA
005 20231205111341.0
007 ta
008 230509b bl.|||p| |||| 00| 00por d
040 _aBR-BrBNA
_bpor
_cBiblioteca Nacional de Agricultura
041 _a(En)
072 _aM40
100 1 _aBrinkmann, W.L.B.
245 1 _aScattered light in a flood-plain lake of central Amazônia
650 _aBIOLOGIA AQUÁTICA
650 _aANÁLISE BIOLÓGICA
650 _aRADIAÇÃO LUMINOSA
650 _aFOTOSSENSIBILIDADE
773 0 _tActa Amazonica (Brazil)
_xISSN 0044-5967
_g(Aug 1972), v. 2(2) p. 87-90
_wBR0707225
909 _a202311
_bLúcia
_c55
_dLúcia Elande
942 _2AGRIS
_n0
_cANA
999 _c192203
_d192203